Fundamentals of power electronics (Record no. 15466)

MARC details
000 -LEADER
fixed length control field 00722nam a2200229Ia 4500
003 - CONTROL NUMBER IDENTIFIER
control field IN-BaIIA
008 - FIXED-LENGTH DATA ELEMENTS--GENERAL INFORMATION
fixed length control field 211028s9999 xx 000 0 eng d
020 ## - INTERNATIONAL STANDARD BOOK NUMBER
International Standard Book Number 0-7923-7270-0
040 ## - CATALOGING SOURCE
Transcribing agency IIA Library
080 ## - UNIVERSAL DECIMAL CLASSIFICATION NUMBER
Universal Decimal Classification number 621.38
Item number ERI
100 ## - MAIN ENTRY--PERSONAL NAME
Personal name Erickson, Robert. W.
9 (RLIN) 28541
245 #0 - TITLE STATEMENT
Title Fundamentals of power electronics
Statement of responsibility, etc. Robert W. Erickson and Maksimovi'c Dragan
250 ## - EDITION STATEMENT
Edition statement 2nd ed.
260 ## - PUBLICATION, DISTRIBUTION, ETC.
Place of publication, distribution, etc. Colorado
Name of publisher, distributor, etc. University of Colorado Press
Date of publication, distribution, etc. 2002
300 ## - PHYSICAL DESCRIPTION
Extent xxi, 883p.
650 ## - SUBJECT ADDED ENTRY--TOPICAL TERM
Topical term or geographic name entry element Controller Design
9 (RLIN) 28542
650 ## - SUBJECT ADDED ENTRY--TOPICAL TERM
Topical term or geographic name entry element Inductor Design
9 (RLIN) 28543
650 ## - SUBJECT ADDED ENTRY--TOPICAL TERM
Topical term or geographic name entry element Magnetics
9 (RLIN) 27602
650 ## - SUBJECT ADDED ENTRY--TOPICAL TERM
Topical term or geographic name entry element Power electronoics
9 (RLIN) 28544
700 ## - ADDED ENTRY--PERSONAL NAME
Personal name Maksimovi'c Dragan
9 (RLIN) 28545
942 ## - ADDED ENTRY ELEMENTS (KOHA)
Koha item type Books
Holdings
Withdrawn status Lost status Damaged status Not for loan Home library Current library Shelving location Date acquired Source of acquisition Cost, normal purchase price Total Checkouts Full call number Barcode Date last seen Cost, replacement price Price effective from Koha item type Purchase Price
        IIA Library-Bangalore IIA Library-Leh General Stacks 06/10/2003 ANJ 7421.40   621.38/ ERI 16388 05/11/2021 7421.40 06/10/2003 Books Rs. 7421.40

Powered by Koha